[Event "GER MS-222 email"]
[Site "GER email"]
[Date "2015.07.17"]
[Round "?"]
[White "Hoeppenstein, Michael"]
[Black "Sagstetter, Thomas"]
[Result "1/2-1/2"]
[WhiteElo "2017"]
[BlackElo "1973"]
[PlyCount "67"]
[EventDate "2015.07.24"]
[EventType "tourn (corr)"]
[EventRounds "6"]
[EventCountry "GER"]
[SourceTitle "Corr 2020"]
[Source "ChessBase"]
[SourceDate "2019.09.30"]
[SourceVersion "1"]
[SourceVersionDate "2019.09.30"]
[SourceQuality "1"]

1. Nf3 d5 2. d4 Nf6 3. a3 c5 4. e3 cxd4 5. exd4 Nc6 6. Bd3 Bg4 7. Be3 e6 8. h3 Bh5 9. Nbd2 Bd6 10. 0-0 a6 11. c3 0-0 12. Re1 Re8 13. Qb1 Bg6 14. Bxg6 hxg6 15. c4 dxc4 16. Nxc4 Rc8 17. Qd3 Bb8 18. Rad1 Ne7 19. Bg5 Nfd5 20. Bxe7 Rxe7 21. Nce5 Rec7 22. g3 Qf6 23. h4 Rc2 24. Rd2 Rxd2 25. Qxd2 Qf5 26. Kg2 Rc2 27. Qa5 Bd6 28. Qd8+ Bf8 29. Qb8 Rc7 30. Qe8 Qc2 31. Ng5 Nf6 32. Qd8 Nd5 33. b4 Rc8 34. Qd7 1/2-1/2

[Event "GER-ch46 V05 email"]
[Site "GER email"]
[Date "2014.04.03"]
[Round "?"]
[White "Fritsche, Frank"]
[Black "Sagstetter, Thomas"]
[Result "1/2-1/2"]
[WhiteElo "2161"]
[BlackElo "1973"]
[PlyCount "225"]
[EventDate "2014.04.16"]
[EventType "tourn (corr)"]
[EventRounds "8"]
[EventCountry "GER"]
[SourceTitle "Corr 2020"]
[Source "ChessBase"]
[SourceDate "2019.09.30"]
[SourceVersion "1"]
[SourceVersionDate "2019.09.30"]
[SourceQuality "1"]

1. e4 c5 2. Nf3 d6 3. d4 cxd4 4. Nxd4 Nf6 5. Nc3 a6 6. Be3 e5 7. Nb3 Be6 8. f3 Nbd7 9. Qd2 b5 10. a4 b4 11. Nd5 Bxd5 12. exd5 Nb6 13. Bxb6 Qxb6 14. a5 Qb7 15. Bc4 Be7 16. Ra4 Rb8 17. Nc1 0-0 18. Na2 Nd7 19. b3 Bh4+ 20. g3 Bd8 21. Kd1 Rc8 22. Nxb4 Nc5 23. Ra2 e4 24. c3 exf3 25. Qe3 g6 26. Qxf3 f5 27. Re2 Bf6 28. Nc6 Ne4 29. Re3 Bg5 30. Rd3 Rce8 31. h4 Bh6 32. h5 g5 33. Kc2 g4 34. Qg2 f4 35. gxf4 Rxf4 36. Re1 Qf7 37. Re2 Nf2 38. Nd4 Nxd3 39. Bxd3 Re3 40. Bxa6 g3 41. Bd3 Bg7 42. Rxe3 Rf2+ 43. Qxf2 Qxf2+ 44. Re2 Qg1 45. Nf5 Be5 46. a6 Kf7 47. b4 g2 48. Be4 Qa1 49. Rxg2 Qxc3+ 50. Kd1 Qa1+ 51. Kd2 Qxa6 52. Ne3 h6 53. Rg4 Bf6 54. Rf4 Ke7 55. Bf3 Qa2+ 56. Kd3 Bg5 57. Re4+ Kd8 58. Re6 Qb3+ 59. Ke2 Qxb4 60. Re4 Qb2+ 61. Kf1 Qc1+ 62. Ke2 Bf6 63. Nd1 Be5 64. Rg4 Qc2+ 65. Kf1 Qd3+ 66. Kg2 Kc7 67. Rg6 Qd2+ 68. Kf1 Qf4 69. Ke2 Qc4+ 70. Kf2 Qc2+ 71. Kf1 Bd4 72. Re6 Qd2 73. Rg6 Qf4 74. Ke2 Kb6 75. Re6 Qh2+ 76. Kf1 Kc5 77. Rg6 Kb4 78. Rg4 Kc4 79. Ke1 Qe5+ 80. Kf1 Kd3 81. Nf2+ Bxf2 82. Kxf2 Qh2+ 83. Rg2 Qh4+ 84. Rg3 Kd2 85. Bg4 Qh2+ 86. Rg2 Qe5 87. Kf1+ Kd3 88. Bf3 Qf4 89. Kf2 Kd2 90. Rg3 Qd4+ 91. Kf1 Qc4+ 92. Kf2 Qc5+ 93. Kf1 Ke3 94. Bg2+ Kf4 95. Rf3+ Kg4 96. Rh3 Qa7 97. Rf3 Kxh5 98. Bh3 Qd4 99. Be6 Kh4 100. Rh3+ Kg5 101. Rf3 h5 102. Ke2 Qe4+ 103. Kf2 Qc2+ 104. Ke3 h4 105. Rh3 Qb3+ 106. Ke2 Qc4+ 107. Ke3 Qf1 108. Rf3 Qc1+ 109. Kf2 Qd2+ 110. Kf1 Qd4 111. Kg2 Qe4 112. Kf2 Qd4+ 113. Kg2 1/2-1/2

[Event "GER-ch46 V05 email"]
[Site "GER email"]
[Date "2014.04.03"]
[Round "?"]
[White "Hoppe, Frank"]
[Black "Sagstetter, Thomas"]
[Result "1-0"]
[WhiteElo "2118"]
[BlackElo "1973"]
[PlyCount "109"]
[EventDate "2014.04.16"]
[EventType "tourn (corr)"]
[EventRounds "8"]
[EventCountry "GER"]
[SourceTitle "Corr 2020"]
[Source "ChessBase"]
[SourceDate "2019.09.30"]
[SourceVersion "1"]
[SourceVersionDate "2019.09.30"]
[SourceQuality "1"]

1. e4 c5 2. Nf3 d6 3. d4 cxd4 4. Nxd4 Nf6 5. Nc3 a6 6. Bg5 e6 7. f4 Qb6 8. Qd3 Qxb2 9. Rb1 Qa3 10. f5 Be7 11. Be2 Qa5 12. Bd2 e5 13. Nd5 Qd8 14. Nxe7 Qxe7 15. Nb3 Nbd7 16. 0-0 b5 17. Bf3 0-0 18. Rbd1 Nc5 19. Nxc5 dxc5 20. Ba5 Bb7 21. Rfe1 Bc6 22. Qd6 Qxd6 23. Rxd6 Rfc8 24. Kf2 b4 25. c4 Rab8 26. Ke3 Kf8 27. Red1 Ke7 28. h4 b3 29. axb3 Rxb3+ 30. R6d3 Rxd3+ 31. Kxd3 Rb8 32. Ra1 Ne8 33. Bc3 Rd8+ 34. Ke2 f6 35. Rxa6 Bb7 36. Ra5 Nd6 37. Rxc5 Bxe4 38. Ba5 Rd7 39. g4 Nb7 40. Rxe5+ fxe5 41. Bb4+ Nd6 42. Bxe4 Rb7 43. Bxb7 h6 44. Bc6 e4 45. Ke3 g6 46. fxg6 h5 47. gxh5 Ke6 48. Bd5+ Ke5 49. Bc3+ Kf5 50. g7 Nxc4+ 51. Bxc4 Kg4 52. g8Q+ Kh3 53. Kxe4 Kxh4 54. Kf4 Kxh5 55. Qg5# 1-0

[Event "GER-ch46 V05 email"]
[Site "GER email"]
[Date "2014.04.03"]
[Round "?"]
[White "Sagstetter, Thomas"]
[Black "Wolf, Wolfgang"]
[Result "1/2-1/2"]
[WhiteElo "1973"]
[BlackElo "2076"]
[PlyCount "78"]
[EventDate "2014.04.16"]
[EventType "tourn (corr)"]
[EventRounds "8"]
[EventCountry "GER"]
[SourceTitle "Corr 2020"]
[Source "ChessBase"]
[SourceDate "2019.09.30"]
[SourceVersion "1"]
[SourceVersionDate "2019.09.30"]
[SourceQuality "1"]

1. e4 e5 2. Nf3 Nc6 3. Bb5 Bc5 4. c3 Nf6 5. d4 exd4 6. e5 Ne4 7. cxd4 Bb4+ 8. Bd2 Nxd2 9. Nbxd2 0-0 10. 0-0 a6 11. Bxc6 dxc6 12. a3 Be7 13. Ne4 Bg4 14. Qd3 Bxf3 15. gxf3 Qd5 16. f4 Rad8 17. Rad1 f6 18. Qe3 Qe6 19. f3 b6 20. Nc3 Rd7 21. Kg2 Rfd8 22. Rd2 Qf5 23. Rfd1 c5 24. Ne2 cxd4 25. Nxd4 Qg6+ 26. Kh1 fxe5 27. fxe5 Kh8 28. Ne2 Rxd2 29. Rxd2 Rxd2 30. Qxd2 Qf5 31. Qc3 c5 32. Kg2 b5 33. Ng3 Qe6 34. f4 g6 35. Qd3 Kg8 36. Qe4 Qb3 37. Kh3 Qe6+ 38. Kg2 Qb3 39. Kh3 Qe6+ 1/2-1/2

[Event "GER MS-184 email"]
[Site "GER email"]
[Date "2013.09.24"]
[Round "?"]
[White "Hebel, Erich"]
[Black "Sagstetter, Thomas"]
[Result "1/2-1/2"]
[WhiteElo "1959"]
[BlackElo "1959"]
[PlyCount "65"]
[EventDate "2013.10.01"]
[EventType "tourn (corr)"]
[EventRounds "6"]
[EventCountry "GER"]
[SourceTitle "Corr 2015"]
[Source "ChessBase"]
[SourceDate "2015.07.17"]
[SourceVersion "1"]
[SourceVersionDate "2015.07.17"]
[SourceQuality "1"]

1. e4 c5 2. Nf3 e6 3. d4 cxd4 4. Nxd4 Nc6 5. Nc3 Nf6 6. Ndb5 Bb4 7. a3 Bxc3+ 8. Nxc3 d5 9. exd5 exd5 10. Bd3 0-0 11. 0-0 d4 12. Ne2 Bg4 13. f3 Bh5 14. Bg5 Bg6 15. Bh4 Re8 16. Bxg6 hxg6 17. Bf2 Qb6 18. Nxd4 Rad8 19. Nxc6 Qxc6 20. Bd4 Nd5 21. Qc1 Qc7 22. Rf2 Nf4 23. Be3 g5 24. Rd2 Qe5 25. Bxf4 gxf4 26. Rxd8 Rxd8 27. h3 g5 28. Kh2 g4 29. fxg4 f3+ 30. Kg1 fxg2 31. a4 Qc5+ 32. Kxg2 Rd4 33. Qh6 1/2-1/2

[Event "GER MS-184 email"]
[Site "GER email"]
[Date "2013.09.24"]
[Round "?"]
[White "Sagstetter, Thomas"]
[Black "Langer, Raimund"]
[Result "1/2-1/2"]
[WhiteElo "1959"]
[BlackElo "2069"]
[PlyCount "40"]
[EventDate "2013.10.01"]
[EventType "tourn (corr)"]
[EventRounds "6"]
[EventCountry "GER"]
[SourceTitle "Corr 2015"]
[Source "ChessBase"]
[SourceDate "2015.07.17"]
[SourceVersion "1"]
[SourceVersionDate "2015.07.17"]
[SourceQuality "1"]

1. e4 e5 2. Nf3 Nc6 3. Bb5 a6 4. Bxc6 dxc6 5. 0-0 Bg4 6. h3 h5 7. d3 Qf6 8. Nbd2 Ne7 9. Re1 Ng6 10. d4 Bd6 11. Kf1 exd4 12. e5 Bxe5 13. Ne4 Qf5 14. Qd3 Bxf3 15. Nd6+ cxd6 16. Qxf5 Bxg2+ 17. Kg1 Bd5 18. Bg5 0-0 19. f4 Be6 20. Qe4 Bd5 1/2-1/2

[Event "GER ML-386 email"]
[Site "GER email"]
[Date "2013.??.??"]
[Round "?"]
[White "Blittkowsky, Ralf"]
[Black "Sagstetter, Thomas"]
[Result "0-1"]
[WhiteElo "2095"]
[BlackElo "1815"]
[PlyCount "34"]
[EventDate "2013.??.??"]
[EventType "tourn (corr)"]
[EventRounds "6"]
[EventCountry "GER"]
[SourceTitle "Corr 2015"]
[Source "ChessBase"]
[SourceDate "2015.07.17"]
[SourceVersion "1"]
[SourceVersionDate "2015.07.17"]
[SourceQuality "1"]

1. d4 f5 2. c4 Nf6 3. Nc3 b6 4. Nh3 e6 5. g3 Bb7 6. d5 Na6 7. Bg2 Bb4 8. 0-0 Bxc3 9. bxc3 Nc5 10. Ba3 Qe7 11. Nf4 0-0-0 12. h4 Kb8 13. Qc2 e5 14. Nd3 d6 15. Nxc5 dxc5 16. Bc1 f4 17. Rb1 Rdf8 0-1

[Event "GER ML-379 email"]
[Site "GER email"]
[Date "2012.09.01"]
[Round "?"]
[White "Goy, Udo"]
[Black "Sagstetter, Thomas"]
[Result "1-0"]
[WhiteElo "1966"]
[BlackElo "1815"]
[PlyCount "131"]
[EventDate "2011.??.??"]
[EventType "tourn (corr)"]
[EventRounds "6"]
[EventCountry "GER"]
[SourceTitle "Corr 2015"]
[Source "ChessBase"]
[SourceDate "2015.07.17"]
[SourceVersion "1"]
[SourceVersionDate "2015.07.17"]
[SourceQuality "1"]

1. d4 Nf6 2. c4 c5 3. d5 d6 4. Nc3 Bf5 5. f3 h6 6. e4 Bh7 7. Nge2 Nbd7 8. h4 g6 9. Bd2 Bg7 10. Nf4 Qb6 11. Nd3 0-0-0 12. Rb1 a6 13. b4 cxb4 14. Na4 Qc7 15. Nxb4 Nc5 16. Nc6 Nfd7 17. Ba5 bxc6 18. Bxc7 Kxc7 19. dxc6 Kxc6 20. Qd2 Rhf8 21. Be2 f5 22. 0-0 Bg8 23. Qa5 fxe4 24. Rb6+ Nxb6 25. Qxb6+ Kd7 26. Nxc5+ dxc5 27. Qxc5 Bc3 28. Qe3 Be5 29. f4 Bf6 30. Qxe4 Ke8 31. c5 Kf7 32. h5 Bh7 33. c6 Kg7 34. c7 Ra8 35. Bd3 Ra7 36. hxg6 Bg8 37. g4 Rxc7 38. g5 Rb8 39. gxf6+ exf6 40. f5 Rd7 41. Bxa6 h5 42. Bc4 Bxc4 43. Qxc4 Re8 44. Rf2 Re1+ 45. Kg2 Re8 46. Re2 Ra8 47. Qh4 Rb8 48. Qxh5 Rh8 49. Qg4 Rb8 50. a4 Rbd8 51. Qh4 Rh8 52. Qb4 Rh5 53. Re7+ Rxe7 54. Qxe7+ Kh6 55. Qxf6 Rg5+ 56. Qxg5+ Kxg5 57. g7 Kf6 58. g8Q Kxf5 59. Qd5+ Kf6 60. Kf3 Kg7 61. Kf4 Kg6 62. Qe6+ Kg7 63. Kf5 Kh7 64. Kf6 Kh8 65. Qg4 Kh7 66. Qg7# 1-0